000 00313nam a22001457a 4500
020 _a1-8442-2658-1
082 _a823
_bPOW/V
100 _aPOWELL, JILLIAN
245 _aVIKINGS
260 _aLONDON
_bLADYBIRD
300 _a31
520 _aENGLISH SHORT STORY
650 _aENGLISH SHORT STORY
_zUK
942 _cBK
999 _c4971
_d4971